000 00786nmm a2200253 a 4500
001 ocm000701561
003 TR-IsHL
005 20201028140017.0
008 131212s2010 tu tur
007 cr cn
035 _a701561
_b(N$T)
050 0 4 _aPL248.Ç45
_bH49 2010
090 0 4 _aPL248.Ç45
_bH49 2010
100 1 _aÇelik, Erol
245 1 0 _aHeyula
_h[electronic resource] /
_cErol Çelik
260 _aİstanbul :
_bAvrupa Yakası Yayınları,
_c2010
300 _a380 p.
650 4 _aDil ve Edebiyat
650 4 _aLanguage and Literature
650 0 _aTürk romanı
650 0 _aTurkish fiction
650 7 _aLITERARY COLLECTIONS / Middle Eastern
_2bisacsh
856 4 0 _uhttp://search.ebscohost.com/login.aspx?direct=true&scope=site&db=e011xww&AN=701561
999 _c7054
_d7054